Model de Pacte local per a la Mobilitat Sostenible i metodologia per a la redacció
Descripción Física:
31 p. ; 30 cm
MARC
| LEADER | 00000nam a2200000Ia 4500 | ||
|---|---|---|---|
| 001 | 24247 | ||
| 008 | 160829s2001 xx 000 0 cat d | ||
| 080 | |a FU-63-31 | ||
| 245 | |a Model de Pacte local per a la Mobilitat Sostenible i metodologia per a la redacció | ||
| 260 | |a Barcelona : |b Diputació de Barcelona. Servei de Medi Ambient. Secretaria tècnica, |c 2001 | ||
| 300 | |a 31 p. ; |c 30 cm | ||
| 590 | |a Dossier elaborat pel Grup de treball d'Ecologia Urbana de la Xarxa de Ciutats i Pobles cap a la Sostenibilitat | ||
| 650 | |a Transport |x Aspectes ambientals |x planificació |x Metodologia |9 50168 | ||
| 710 | 2 | |a Xarxa de Ciutats i Pobles cap a la Sostenibilitat |9 53477 | |
| 710 | |a Barcelona (Catalunya : Província). |b Àrea de Medi Ambient |9 52987 | ||
| 901 | |a Arxiu | ||
| 942 | |n 1 |2 udc | ||
| 952 | |0 0 |1 0 |4 0 |6 FU6331 |7 1 |9 55816 |a Arxiu |b Arxiu |d 2016-12-01 |l 0 |o FU-63-31 |p 24247 |r 2016-12-01 00:00:00 |w 2016-12-01 |y ARXIU | ||
| 999 | |c 59689 |d 59689 | ||